Ricostruisci la Carriera del Calciatore - Angelo Ogbonna - Statistics

Statistiche generali
  • Questo quiz è stato fatto 11 volte
  • Il punteggio medio è 3 su 5
Statistiche sulle risposte
Hint Risposta % Corretto
2008-2013 Torino
88%
2013-2015 Juventus
75%
2015- West Ham Utd
75%
2007-2008 Crotone
50%
2006-2007 Torino
50%
Nessun quiz corrispondente trovato
Distribuzione punteggi
Percentuale di utenti per punteggio
Percentile per numero di risposta
I tuoi punteggi nel tempo
Non hai fatto questo quiz